| 000 | 01480nam0a2200397 4500 | ||
|---|---|---|---|
| 001 | RU\NLR\bibl\313882 | ||
| 005 | 20250621141222.0 | ||
| 010 |
_a5-88960-087-7 _91000 |
||
| 021 |
_aRU _b2002-29330 _91461 |
||
| 035 | _a(NLR Aleph) 000308981 | ||
| 090 |
_a28697 _c28697 |
||
| 100 | _a20020925d2001 |||y0rusy50 ca | ||
| 101 | 0 | _arus | |
| 102 | _aRU | ||
| 105 | _aa ||||||||| | ||
| 200 | 1 |
_aОрганизация конкурентоспособного производства _fГатауллин Р. М. |
|
| 210 |
_aМ. _cЭкономика и финансы _d2001 |
||
| 215 |
_a143 с. _cил. _d21 |
||
| 320 | _aБиблиогр.: с. 137-139 | ||
| 606 | 0 |
_aКонкурентоспособность _yРоссийская Федерация _92089353 _3RU\NLR\auth\661264758 |
|
| 606 | 0 |
_aПроизводство _xОрганизация _91964324 _3RU\NLR\auth\66899484 |
|
| 610 | 0 | _aКонкурентоспособность (экон.) | |
| 610 | 0 | _aОрганизация производства | |
| 610 | 0 | _aКачества продукции, системы | |
| 675 |
_a658.62.018 _v3 _zrus |
||
| 686 |
_a06.81 _2rugasnti |
||
| 686 |
_a30.607 _2rubbk |
||
| 686 | _aУ9(2)-13(2Р) | ||
| 686 | _aУ30(2)-801 | ||
| 700 | 1 |
_aГатауллин _bР. М. _gРустам Мухтарович _4070 |
|
| 801 | 0 |
_aRU _bRKP _c20020925 _gPSBO |
|
| 801 | 1 |
_aRU _bRKP _c20020925 |
|
| 801 | 2 |
_aRU _bNLR _c20021022 _grcr |
|
| 942 | _cBOOK | ||
| 980 | _aNB | ||